| 000 | 00623nam a22001817a 4500 | ||
|---|---|---|---|
| 999 |
_c370055 _d370055 |
||
| 008 | 201130b ||||| |||| 00| 0 eng d | ||
| 040 |
_bger _cDE-2950 _erda _aDE-2950 |
||
| 041 | _ager | ||
| 245 | _aSterbeanzeige Rudolf Schumann (23.05.1935 bis 24.06.2021) | ||
| 264 | _c2021 | ||
| 653 | _aSchumann, Rudolf, Musiker 1935-2021 | ||
| 653 | _aMusikschule Frankfurt (Oder) | ||
| 773 |
_dFrankfurt (Oder): Märkisches Verlags- und Druckhaus GmbH & Co KG _g32. Jahrgang (2021) Nr. 170 vom 24./25.07.2021, S. 18 _tMärkische Oderzeitung |
||
| 942 | _cA | ||